[Event "SLO-chT2 West"]
[Site "Postojna"]
[Date "2009.11.08"]
[Round "9.2"]
[White "Muhic, Sulejman"]
[Black "Trivuncevic, Bosko"]
[Result "1-0"]
[WhiteElo "1963"]
[BlackElo "2036"]
[PlyCount "69"]
[EventDate "2009.10.23"]
[EventType "team-tourn"]
[EventRounds "9"]
[EventCountry "SLO"]
[SourceTitle "EXT 2010"]
[Source "ChessBase"]
[SourceDate "2010.11.25"]
[SourceVersion "1"]
[SourceVersionDate "2010.11.25"]
[SourceQuality "1"]
[WhiteTeam "Podpec"]
[BlackTeam "Loska Dolina"]
[WhiteTeamCountry "SLO"]
[BlackTeamCountry "SLO"]

1. e4 d6 2. d4 Nc6 3. Be3 Nf6 4. Nc3 Bg4 5. f3 Bd7 6. Qd2 e5 7. d5 Ne7 8. Bc4 Ng6 9. g4 h5 10. g5 Nh7 11. h4 Be7 12. 0-0-0 0-0 13. Nge2 a6 14. Ng3 Nf4 15. Bxf4 exf4 16. Nxh5 b5 17. Bf1 b4 18. Ne2 a5 19. Nexf4 g6 20. Ng3 Nxg5 21. hxg5 Bxg5 22. Qh2 Bxf4+ 23. Kb1 Kg7 24. Nh5+ gxh5 25. Qxf4 Rh8 26. Bd3 Qe7 27. Rdg1+ Kf8 28. Rg5 h4 29. Rxh4 Qxg5 30. Qxg5 Rg8 31. Qh6+ Ke7 32. Rh1 a4 33. Qh4+ Ke8 34. Qf6 Bh3 35. Bb5+ 1-0

[Event "SLO-chT2 West"]
[Site "Postojna"]
[Date "2009.10.24"]
[Round "2.2"]
[White "Hlad, Jadran"]
[Black "Trivuncevic, Bosko"]
[Result "1-0"]
[WhiteElo "2118"]
[BlackElo "2036"]
[PlyCount "88"]
[EventDate "2009.10.23"]
[EventType "team-tourn"]
[EventRounds "9"]
[EventCountry "SLO"]
[SourceTitle "EXT 2010"]
[Source "ChessBase"]
[SourceDate "2010.11.25"]
[SourceVersion "1"]
[SourceVersionDate "2010.11.25"]
[SourceQuality "1"]
[WhiteTeam "Postojna"]
[BlackTeam "Loska Dolina"]
[WhiteTeamCountry "SLO"]
[BlackTeamCountry "SLO"]

1. e4 Nc6 2. Nf3 d6 3. Bc4 Nf6 4. Nc3 Bg4 5. d4 e5 6. d5 Ne7 7. h3 Bd7 8. Be3 Ng6 9. Qd2 Be7 10. g4 b5 11. Bd3 b4 12. Ne2 c5 13. Ng3 h6 14. Nf5 Bf8 15. b3 Qb8 16. a4 bxa3 17. Rxa3 Bb5 18. 0-0 Bxd3 19. Qxd3 Nd7 20. Rfa1 Ne7 21. Rxa7 Rxa7 22. Rxa7 Nxf5 23. Qa6 Nxe3 24. Ra8 Qxa8 25. Qxa8+ Ke7 26. fxe3 g6 27. Nd2 Bg7 28. Qa7 Rd8 29. Nc4 Bf8 30. Qc7 Ke8 31. Na5 Be7 32. Nc6 Ra8 33. Qb7 Rd8 34. c3 Bg5 35. Kf2 Nf8 36. Nxd8 Bxd8 37. b4 cxb4 38. cxb4 Nd7 39. Ke2 h5 40. gxh5 gxh5 41. Kd3 h4 42. Kc4 Nf6 43. Kb5 Nxe4 44. Kc6 Be7 1-0

[Event "SLO-chT2 West"]
[Site "Kranj"]
[Date "2008.10.17"]
[Round "5.2"]
[White "Trivuncevic, Bosko"]
[Black "Jukan, Nesib"]
[Result "1-0"]
[WhiteElo "2023"]
[BlackElo "1819"]
[PlyCount "53"]
[EventDate "2008.10.11"]
[EventType "team-swiss"]
[EventRounds "9"]
[EventCountry "SLO"]
[SourceTitle "EXT 2010"]
[Source "ChessBase"]
[SourceDate "2010.11.25"]
[SourceVersion "1"]
[SourceVersionDate "2010.11.25"]
[SourceQuality "1"]
[WhiteTeam "Loska Dolina "]
[BlackTeam "Trzin"]
[WhiteTeamCountry "SLO"]
[BlackTeamCountry "SLO"]

1. e4 d5 2. exd5 Nf6 3. Nf3 Nxd5 4. Bc4 c6 5. h3 g6 6. d4 Bg7 7. c3 0-0 8. 0-0 Nd7 9. Re1 Re8 10. Bg5 h6 11. Bh4 g5 12. Bg3 e6 13. Nbd2 N5f6 14. a4 a5 15. Qc2 b6 16. Rad1 Ba6 17. Ba2 c5 18. Ne4 Nxe4 19. Qxe4 Rc8 20. dxc5 Rxc5 21. Bd6 Rc8 22. Be5 Qe7 23. Bxg7 Kxg7 24. Qd4+ Nf6 25. Qxb6 Ra8 26. Nd4 Reb8 27. Qxb8 1-0

[Event "SLO-chT2 West"]
[Site "Kranj"]
[Date "2008.10.11"]
[Round "2.1"]
[White "Trivuncevic, Bosko"]
[Black "Luzar, Borut"]
[Result "1-0"]
[WhiteElo "2023"]
[BlackElo "1977"]
[PlyCount "41"]
[EventDate "2008.10.11"]
[EventType "team-swiss"]
[EventRounds "9"]
[EventCountry "SLO"]
[SourceTitle "EXT 2010"]
[Source "ChessBase"]
[SourceDate "2010.11.25"]
[SourceVersion "1"]
[SourceVersionDate "2010.11.25"]
[SourceQuality "1"]
[WhiteTeam "Loska Dolina "]
[BlackTeam "Krka Novo Mesto"]
[WhiteTeamCountry "SLO"]
[BlackTeamCountry "SLO"]

1. e4 d5 2. exd5 Qxd5 3. d4 c6 4. Nf3 Bf5 5. Nc3 Qa5 6. Bc4 e6 7. 0-0 Bb4 8. Bd2 Nf6 9. Re1 0-0 10. Nh4 Bg4 11. f3 Bh5 12. Re5 Qc7 13. Ne4 Bxd2 14. Nxf6+ gxf6 15. Rxh5 Be3+ 16. Kh1 Bg5 17. Qd3 h6 18. g3 e5 19. Qg6+ Kh8 20. Rxh6+ Bxh6 21. Qxh6+ 1-0

[Event "SLO-chT2 West"]
[Site "Kranj"]
[Date "2005.10.16"]
[Round "5.2"]
[White "Korac, Zejnil"]
[Black "Trivuncevic, Bosko"]
[Result "0-1"]
[WhiteElo "1813"]
[BlackElo "2023"]
[PlyCount "75"]
[EventDate "2005.10.14"]
[EventType "team"]
[EventRounds "5"]
[EventCountry "SLO"]
[SourceTitle "EXT 2009"]
[Source "ChessBase"]
[SourceDate "2008.11.26"]
[SourceVersion "1"]
[SourceVersionDate "2008.11.26"]
[SourceQuality "1"]

1. e4 Nc6 2. Nf3 d6 3. d4 Nf6 4. Nc3 Bg4 5. Be2 e5 6. d5 Ne7 7. h3 Bd7 8. Bg5 Ng6 9. a3 Be7 10. Qd2 0-0 11. 0-0-0 b5 12. Rhe1 Rb8 13. Na2 Nxe4 14. Bxe7 Qxe7 15. Qe3 Nc5 16. Kb1 a5 17. Qd2 b4 18. axb4 axb4 19. Nxb4 Ne4 20. Qe3 Rxb4 21. c3 Ra4 22. b3 Rb8 23. Kb2 Nc5 24. b4 Bf5 25. Ra1 Qd7 26. g4 Be4 27. Qd2 Bxd5 28. Red1 Nf4 29. Qe3 Ba2 30. Rdc1 Nb3 31. Bc4 d5 32. Bxb3 Bxb3 33. Kxb3 Rxa1 34. Rxa1 d4 35. Nxd4 exd4 36. Qxf4 dxc3 37. Kxc3 Qc6+ 38. Kb3 0-1

[Event "SLO-chT2 West"]
[Site "Kranj"]
[Date "2004.10.15"]
[Round "1.1"]
[White "Zvan, Ziga"]
[Black "Trivuncevic, Bosko"]
[Result "1-0"]
[WhiteElo "2198"]
[BlackElo "2021"]
[PlyCount "95"]
[EventDate "2004.10.15"]
[EventType "team"]
[EventRounds "3"]
[EventCountry "SLO"]
[SourceTitle "EXT 2009"]
[Source "ChessBase"]
[SourceDate "2008.11.26"]
[SourceVersion "1"]
[SourceVersionDate "2008.11.26"]
[SourceQuality "1"]

1. e4 d6 2. d4 Nc6 3. f4 e5 4. dxe5 dxe5 5. Qxd8+ Kxd8 6. Nf3 Bd6 7. Bb5 Nge7 8. Ng5 Ke8 9. Bc4 f6 10. Nf7 Rf8 11. Nxd6+ cxd6 12. f5 Na5 13. Bb5+ Bd7 14. Na3 d5 15. Be3 d4 16. Bd2 Nac6 17. Bd3 a6 18. Nc4 Nc8 19. a4 a5 20. 0-0 b6 21. g4 h6 22. h4 Rh8 23. Kg2 Kd8 24. g5 hxg5 25. hxg5 Kc7 26. Rh1 Nd6 27. g6 Nb4 28. Bxb4 axb4 29. b3 Rxh1 30. Rxh1 Nxf5 31. exf5 Bc6+ 32. Kg1 Bxh1 33. Kxh1 Rh8+ 34. Kg2 Rh4 35. Kf3 Kc6 36. Nd2 Rf4+ 37. Kg3 Kd5 38. Nf3 Kc5 39. Ne1 Kd5 40. Ng2 Re4 41. Kf3 Re3+ 42. Nxe3+ dxe3 43. Kxe3 Kc5 44. Be4 Kd6 45. Kd2 Kc5 46. Kd3 b5 47. a5 Kd6 48. a6 1-0

[Event "SLO-chT2"]
[Site "Slovenia"]
[Date "2002.04.28"]
[Round "2"]
[White "Trivuncevic, Bosko"]
[Black "Semrl, Marjan"]
[Result "1/2-1/2"]
[WhiteElo "2036"]
[BlackElo "2213"]
[PlyCount "116"]
[EventDate "2002.04.07"]
[EventType "team"]
[EventRounds "9"]
[EventCountry "SLO"]
[SourceTitle "EXT 2005"]
[Source "ChessBase"]
[SourceDate "2004.11.15"]
[SourceVersion "1"]
[SourceVersionDate "2004.11.15"]
[SourceQuality "1"]

1. e4 Nc6 2. Nf3 d5 3. exd5 Qxd5 4. Nc3 Qa5 5. Be2 Bg4 6. d3 0-0-0 7. Nd2 Bxe2 8. Qxe2 Nd4 9. Nb3 Nxb3 10. cxb3 Qa6 11. d4 Qxe2+ 12. Nxe2 e6 13. 0-0 Ne7 14. Be3 Nf5 15. a3 Be7 16. Rac1 Rd7 17. g4 Nd6 18. Rc2 h5 19. h3 hxg4 20. hxg4 g5 21. d5 exd5 22. Bxa7 f5 23. Rd1 Rh4 24. Rxd5 Rxg4+ 25. Kf1 Nb5 26. Rxd7 Kxd7 27. f3 Rh4 28. Bf2 Rh8 29. Bc5 Nd6 30. Nd4 g4 31. Rd2 gxf3 32. Nxf3 b6 33. Be3 Bf6 34. Bf4 Rh1+ 35. Ng1 Rh4 36. Ne2 Rh1+ 37. Ng1 Rh4 38. Ne2 Ke6 39. Rc2 c5 40. b4 Ne4 41. bxc5 bxc5 42. b4 Bd4 43. b5 Rh1+ 44. Kg2 Rb1 45. a4 Kd5 46. Bc7 Be5 47. b6 Nd6 48. a5 Ra1 49. Nc1 Nb7 50. Bxe5 Kxe5 51. Nb3 Ra3 52. Nxc5 Nxa5 53. b7 Nxb7 54. Nxb7 Ra7 55. Rb2 Kf4 56. Nc5 Kg4 57. Nd3 Ra3 58. Nf2+ Kg5 1/2-1/2

[Event "SLO-chT2"]
[Site "Slovenia"]
[Date "2002.??.??"]
[Round "3"]
[White "Podkriznik, Gregor"]
[Black "Trivuncevic, Bosko"]
[Result "1-0"]
[WhiteElo "2299"]
[BlackElo "2036"]
[PlyCount "61"]
[EventDate "2002.04.07"]
[EventType "team"]
[EventRounds "9"]
[EventCountry "SLO"]
[SourceTitle "EXT 2005"]
[Source "ChessBase"]
[SourceDate "2004.11.15"]
[SourceVersion "1"]
[SourceVersionDate "2004.11.15"]
[SourceQuality "1"]

1. e4 d6 2. d4 Nc6 3. Nc3 Nf6 4. Nf3 Bg4 5. Be2 e5 6. d5 Ne7 7. Be3 Ng6 8. Nd2 Qc8 9. h3 Bd7 10. Nc4 Be7 11. a4 a6 12. h4 h5 13. Bg5 Ng4 14. f3 Nf6 15. g3 Qd8 16. Qd2 b5 17. Na5 b4 18. Na2 Bxa4 19. Nxb4 Bb5 20. Nac6 Qc8 21. Na7 Qb7 22. Nxb5 axb5 23. Rxa8+ Qxa8 24. Bxb5+ Nd7 25. 0-0 Bxg5 26. Qxg5 Qa5 27. Bxd7+ Kxd7 28. Qf5+ Ke8 29. Qc8+ Ke7 30. Nc6+ Kf6 31. Qf5# 1-0

[Event "SLO-chT2"]
[Site "Slovenia"]
[Date "2002.??.??"]
[Round "4"]
[White "Trivuncevic, Bosko"]
[Black "Markun, Bostjan"]
[Result "0-1"]
[WhiteElo "2036"]
[BlackElo "2300"]
[PlyCount "36"]
[EventDate "2002.04.07"]
[EventType "team"]
[EventRounds "9"]
[EventCountry "SLO"]
[SourceTitle "EXT 2005"]
[Source "ChessBase"]
[SourceDate "2004.11.15"]
[SourceVersion "1"]
[SourceVersionDate "2004.11.15"]
[SourceQuality "1"]

1. e4 e5 2. Nc3 Nf6 3. f4 d5 4. fxe5 Nxe4 5. Nxe4 dxe4 6. d4 exd3 7. Bxd3 Nc6 8. Bf4 Bc5 9. Nf3 Bg4 10. h3 Bh5 11. g4 Bg6 12. Bxg6 hxg6 13. Qxd8+ Rxd8 14. e6 fxe6 15. Bxc7 Rd7 16. Bg3 0-0 17. Ke2 Rdf7 18. Rhf1 Rxf3 0-1

[Event "Strunjan op"]
[Site "Strunjan"]
[Date "1998.??.??"]
[Round "1"]
[White "Jeras, Stane"]
[Black "Trivuncevic, Bosko"]
[Result "1-0"]
[WhiteElo "2135"]
[BlackElo "2030"]
[PlyCount "71"]
[EventDate "1998.??.??"]
[EventType "swiss"]
[EventRounds "7"]
[EventCountry "SLO"]
[SourceTitle "EXT 2002"]
[Source "ChessBase"]
[SourceDate "2001.11.25"]
[SourceVersion "1"]
[SourceVersionDate "2001.11.25"]
[SourceQuality "1"]

1. e4 Nc6 2. d4 e5 3. Nf3 d6 4. Bc4 Bg4 5. c3 Nf6 6. Qd3 h6 7. Nbd2 Be7 8. 0-0 0-0 9. Nh4 d5 10. exd5 Nxd5 11. Nf5 Bxf5 12. Qxf5 g6 13. Qe4 Nf6 14. Qxg6+ Kh8 15. Qxh6+ Nh7 16. Nf3 e4 17. Ne5 Nxe5 18. dxe5 Bg5 19. Bxg5 Qxg5 20. Qxg5 Nxg5 21. Rad1 Rad8 22. Rd4 c5 23. Rd5 b5 24. Rxd8 Rxd8 25. Bxb5 Rd5 26. h4 Ne6 27. f4 exf3 28. Rxf3 Kg7 29. Re3 Nf4 30. Bc4 Rd1+ 31. Kf2 Rd2+ 32. Kg3 Nxg2 33. Rf3 Rxb2 34. Rxf7+ Kg6 35. e6 Ne3 36. Bd3+ 1-0

[Event "Ljubljana op 7th"]
[Site "Ljubljana"]
[Date "1996.??.??"]
[Round "1"]
[White "Tratar, Marko"]
[Black "Trivuncevic, Bosko"]
[Result "1-0"]
[WhiteElo "2405"]
[BlackElo "2015"]
[PlyCount "95"]
[EventDate "1996.06.??"]
[EventType "swiss"]
[EventRounds "9"]
[EventCountry "SLO"]
[SourceTitle "CBM 053 Extra"]
[Source "ChessBase"]
[SourceDate "1996.09.01"]
[SourceVersion "1"]
[SourceVersionDate "1996.09.01"]
[SourceQuality "1"]

1. Nf3 Nf6 2. c4 e6 3. g3 c6 4. Bg2 d5 5. d4 Bb4+ 6. Bd2 Qa5 7. 0-0 Bxd2 8. Nbxd2 0-0 9. Qb1 dxc4 10. Nxc4 Qf5 11. Qc1 Ne8 12. Nfe5 f6 13. g4 Qg5 14. Qxg5 fxg5 15. b4 Na6 16. Rab1 Nac7 17. e3 Nd5 18. Rfc1 a6 19. Bxd5 exd5 20. Nb6 Rb8 21. Nbd7 Bxd7 22. Nxd7 Nd6 23. Rc2 Rbd8 24. Nxf8 Rxf8 25. a4 h6 26. Rb3 Kh7 27. Kg2 Re8 28. f3 h5 29. h3 Kg6 30. Rbc3 Re6 31. Kf2 h4 32. Ke2 Rf6 33. Rc5 Re6 34. Rc1 Kf7 35. e4 dxe4 36. Rxg5 exf3+ 37. Kxf3 Rf6+ 38. Ke3 g6 39. d5 cxd5 40. Rxd5 Ke6 41. Rd2 g5 42. Rf2 Rg6 43. Kd4 Ne8 44. Re1+ Kd7 45. Rf7+ Kd8 46. Rf8 Rd6+ 47. Kc3 Rc6+ 48. Kb3 1-0